[Event "III C.to Europeo seniores"]
[Site "Saint Vincent - Chatillon ITA"]
[Date "2003.09.17"]
[Round "1"]
[White "Bitter, Leon"]
[Black "Murey, Jacob I."]
[Result "0-1"]
[WhiteElo "2046"]
[BlackElo "2459"]
[PlyCount "68"]
[EventDate "2003.09.17"]

1. e4 c5 2. Nf3 Nf6 3. Nc3 e6 4. d4 d5 5. Bb5+ Bd7 6. Bxd7+ Qxd7 7. e5 Ne4 8.
O-O Nc6 9. Ne2 cxd4 10. Nexd4 Be7 11. Be3 O-O 12. c3 f6 13. exf6 Bxf6 14. Rc1
e5 15. Nxc6 bxc6 16. Nd2 Nd6 17. Bc5 Rfd8 18. Bxd6 Qxd6 19. Qa4 Qe6 20. Rfe1
Rab8 21. b3 e4 22. c4 Rb7 23. Rcd1 Rbd7 24. b4 dxc4 25. Qc2 e3 26. fxe3 c3 27.
Nf1 Rxd1 28. Rxd1 Rxd1 29. Qxd1 Qe4 30. Qb3+ Kf8 31. Qa3 c2 32. b5+ Be7 33. Qc3
Bb4 34. Qb2 Qc4 0-1

[Event "III C.to Europeo seniores"]
[Site "Saint Vincent - Chatillon ITA"]
[Date "2003.09.17"]
[Round "1"]
[White "Blasco, Domenico"]
[Black "Bukal, Vladimir sr"]
[Result "0-1"]
[WhiteElo "2040"]
[BlackElo "2408"]
[PlyCount "50"]
[EventDate "2003.09.17"]

1. d4 d5 2. e3 c5 3. c3 Nf6 4. Bd3 Nc6 5. f4 g6 6. Nf3 Bg7 7. O-O O-O 8. b3 Qb6
9. Nbd2 Ng4 10. Qe2 cxd4 11. cxd4 Nxe3 12. Qxe3 Nxd4 13. Ne5 Ne2+ 14. Kf2 Nxf4
15. Ndc4 Nxd3+ 16. Nxd3 dxc4 17. Qxb6 axb6 18. Nb2 c3 19. Nc4 Be6 20. Nxb6 Ra6
21. Na4 c2 22. Bb2 Rxa4 23. Bxg7 Rf4+ 24. Ke3 Rxf1 25. Rxf1 Kxg7 0-1

[Event "III C.to Europeo seniores"]
[Site "Saint Vincent - Chatillon ITA"]
[Date "2003.09.17"]
[Round "1"]
[White "Khanukov, Boris"]
[Black "Dinser, Hans"]
[Result "1-0"]
[WhiteElo "2330"]
[BlackElo "1998"]
[PlyCount "83"]
[EventDate "2003.09.17"]

1. d4 d5 2. c4 Bf5 3. Nc3 e6 4. e3 Nf6 5. Nf3 c6 6. h3 Nbd7 7. Bd3 dxc4 8. Bxc4
Ne4 9. O-O Bd6 10. Bd3 Nxc3 11. bxc3 Bxd3 12. Qxd3 c5 13. e4 cxd4 14. cxd4 O-O
15. Rd1 Rc8 16. Rb1 Nb6 17. Be3 Be7 18. d5 exd5 19. exd5 Qd6 20. Nd4 g6 21. Nb5
Qb8 22. Nxa7 Qxa7 23. Rxb6 Bc5 24. Bxc5 Rxc5 25. Qb3 Rc7 26. d6 Rd7 27. Qb5
Rfd8 28. a4 Qb8 29. Qd5 Qc8 30. a5 Qc2 31. Re1 Qc3 32. Re3 Qa1+ 33. Kh2 Qf6 34.
Rf3 Qe6 35. Qxe6 fxe6 36. Rc3 Rxd6 37. Rxb7 Ra6 38. Rcc7 Rda8 39. Rg7+ Kf8 40.
Rxh7 Kg8 41. Rbg7+ Kf8 42. Rxg6 1-0

[Event "III C.to Europeo seniores"]
[Site "Saint Vincent - Chatillon ITA"]
[Date "2003.09.17"]
[Round "1"]
[White "Klovans, Janis"]
[Black "Lein, Marina"]
[Result "1-0"]
[WhiteElo "2480"]
[BlackElo "2052"]
[PlyCount "85"]
[EventDate "2003.09.17"]

1. e4 c5 2. Nf3 Nc6 3. d4 cxd4 4. Nxd4 Qc7 5. Nc3 e6 6. Be2 Nf6 7. O-O a6 8.
Be3 Bb4 9. Na4 O-O 10. Nxc6 bxc6 11. Nb6 Rb8 12. Nxc8 Rfxc8 13. Bxa6 Re8 14.
Bd3 Bd6 15. h3 Be5 16. c3 Rxb2 17. Qc1 Qb7 18. f4 Bc7 19. c4 e5 20. f5 d5 21.
cxd5 cxd5 22. exd5 Nxd5 23. Be4 Bb6 24. Bxd5 Bxe3+ 25. Qxe3 Qxd5 26. Qg3 f6 27.
Rfd1 Rd2 28. Rxd2 Qxd2 29. Qb3+ Kf8 30. Rd1 Qa5 31. Rd7 Qc5+ 32. Kh2 Re7 33.
Qb8+ Re8 34. Qb7 Re7 35. Rd8+ Re8 36. Rxe8+ Kxe8 37. Qxg7 Qe3 38. Qg8+ Kd7 39.
Qxh7+ Kc8 40. Qg8+ Kc7 41. Qf7+ Kc8 42. Qc4+ Kb7 43. Qb3+ 1-0

[Event "III C.to Europeo seniores"]
[Site "Saint Vincent - Chatillon ITA"]
[Date "2003.09.17"]
[Round "1"]
[White "Klundt, Klaus"]
[Black "Pipitone, Antonio"]
[Result "1-0"]
[WhiteElo "2359"]
[BlackElo "2010"]
[PlyCount "69"]
[EventDate "2003.09.17"]

1. e4 c5 2. Nf3 d6 3. d4 cxd4 4. Nxd4 Nf6 5. Nc3 Nc6 6. Bc4 Qb6 7. Nb3 e6 8.
O-O Be7 9. Kh1 O-O 10. f4 a6 11. Qf3 Bd7 12. Bd2 Rac8 13. Bd3 g6 14. a3 Qc7 15.
Rae1 b5 16. g4 b4 17. axb4 Nxb4 18. g5 Nxd3 19. Qxd3 Nh5 20. Qxa6 Rb8 21. Qd3
Bc6 22. Bc1 Rfd8 23. Nd4 Ba8 24. Ncb5 Qd7 25. c4 f5 26. gxf6 Nxf6 27. Nc3 d5
28. cxd5 exd5 29. e5 Ne4 30. f5 gxf5 31. e6 Qa7 32. Rxf5 Rf8 33. Nxe4 Rxf5 34.
Nxf5 dxe4 35. Qg3+ 1-0

[Event "III C.to Europeo seniores"]
[Site "Saint Vincent - Chatillon ITA"]
[Date "2003.09.17"]
[Round "1"]
[White "Lardot, Derik"]
[Black "Margolit, Remir B."]
[Result "0-1"]
[WhiteElo "2014"]
[BlackElo "2365"]
[PlyCount "78"]
[EventDate "2003.09.17"]

1. e4 c6 2. d4 d5 3. e5 Bf5 4. Nf3 e6 5. Be2 c5 6. c4 dxc4 7. Nc3 Nc6 8. d5
exd5 9. Nxd5 Bd3 10. Bxd3 cxd3 11. Qxd3 Nge7 12. Nf4 Qxd3 13. Nxd3 Ng6 14. h4
O-O-O 15. h5 Rxd3 16. hxg6 fxg6 17. Bf4 Be7 18. Rc1 h6 19. a3 Rd5 20. Rd1 Rhd8
21. Rxd5 Rxd5 22. g4 Bd8 23. O-O Nd4 24. Kg2 Ne6 25. Bg3 h5 26. gxh5 gxh5 27.
Re1 g5 28. Re4 Kd7 29. b4 b5 30. bxc5 Rxc5 31. Nd4 Rc4 32. Nxe6 Kxe6 33. Re3
Rc2 34. Rf3 Be7 35. Rb3 a6 36. Kf3 Bc5 37. Rd3 h4 38. Rd8 hxg3 39. fxg3 Rc3+
0-1

[Event "III C.to Europeo seniores"]
[Site "Saint Vincent - Chatillon ITA"]
[Date "2003.09.17"]
[Round "1"]
[White "Littlewood, John Eric"]
[Black "Gennari, Giuseppe"]
[Result "1-0"]
[WhiteElo "2311"]
[BlackElo "1495"]
[PlyCount "33"]
[EventDate "2003.09.17"]

1. e4 e5 2. Nf3 Nc6 3. Bb5 d6 4. d4 exd4 5. Qxd4 Bd7 6. Bxc6 Bxc6 7. Nc3 Qf6 8.
Qd3 Be7 9. O-O Qg6 10. Nd4 Bd7 11. Nd5 Bd8 12. Nf5 f6 13. Qb3 b6 14. Re1 Qf7
15. Bf4 g6 16. Bxd6 gxf5 17. exf5+ 1-0

[Event "III C.to Europeo seniores"]
[Site "Saint Vincent - Chatillon ITA"]
[Date "2003.09.17"]
[Round "1"]
[White "Petkevich, Jusefs"]
[Black "Maman, Emanuel"]
[Result "1-0"]
[WhiteElo "2442"]
[BlackElo "2043"]
[PlyCount "56"]
[EventDate "2003.09.17"]

1. Nf3 Nf6 2. g3 d6 3. d4 g6 4. b3 Bg7 5. Bb2 c5 6. d5 Bg4 7. Bg2 Na6 8. Nbd2
Qd7 9. h3 Bxf3 10. Nxf3 Nc7 11. c4 b5 12. Nd2 a6 13. O-O O-O 14. e4 Rab8 15. e5
dxe5 16. Bxe5 Nfe8 17. Bxg7 Nxg7 18. Ne4 bxc4 19. bxc4 Qc8 20. Nxc5 Nce8 21.
Nd3 Qxc4 22. Ne5 Qb5 23. Nc6 Rb7 24. Qc2 Qb6 25. Rfe1 e6 26. Rab1 Qc7 27. Rxb7
Qxb7 28. Qc5 Nf5 1-0

[Event "III C.to Europeo seniores"]
[Site "Saint Vincent - Chatillon ITA"]
[Date "2003.09.17"]
[Round "1"]
[White "Profaizer, Gino"]
[Black "Kraidman, Yair"]
[Result "0-1"]
[WhiteElo "1982"]
[BlackElo "2319"]
[PlyCount "122"]
[EventDate "2003.09.17"]

1. d4 d5 2. c4 c6 3. cxd5 cxd5 4. Nc3 Nf6 5. Qc2 Nc6 6. Nf3 g6 7. Bf4 Bg7 8. h3
O-O 9. g4 Ne4 10. e3 Qa5 11. Be2 Be6 12. Nd2 Nxc3 13. bxc3 Rfc8 14. Qb2 Nd8 15.
Rc1 Bd7 16. O-O e6 17. c4 Bf8 18. c5 b6 19. Nb3 Qa4 20. Rc2 Bb5 21. Rfc1 Bxe2
22. Rxe2 Rc6 23. Rc3 Rac8 24. Rec2 Qa6 25. Qc1 Qb7 26. Qf1 Kg7 27. Qd3 h6 28.
e4 dxe4 29. Qxe4 Qd7 30. Qe3 Kh7 31. g5 hxg5 32. Bxg5 Bg7 33. Rd3 f6 34. Bf4
Nf7 35. Re2 Qd5 36. Qe4 Rd8 37. Qxd5 Rxd5 38. cxb6 axb6 39. Rde3 e5 40. dxe5
fxe5 41. Bg3 Rc4 42. Re4 b5 43. Kg2 Nd6 44. Rg4 Nf5 45. Rge4 Nd4 46. Rh4+ Kg8
47. Rb2 Nf5 48. Rg4 Kf7 49. Nd2 Rxg4 50. hxg4 Nd6 51. Rc2 Ke6 52. Kf3 Rd4 53.
Nb3 Rc4 54. Re2 e4+ 55. Kg2 Be5 56. Bxe5 Kxe5 57. Kg3 Rc3+ 58. Re3 Rc2 59. f3
Rxa2 60. fxe4 Nxe4+ 61. Kh3 Kf4 0-1

[Event "III C.to Europeo seniores"]
[Site "Saint Vincent - Chatillon ITA"]
[Date "2003.09.17"]
[Round "1"]
[White "Trifunovic, Dusan"]
[Black "Chernikov, Oleg L."]
[Result "0-1"]
[WhiteElo "2045"]
[BlackElo "2455"]
[PlyCount "52"]
[EventDate "2003.09.17"]

1. e4 g6 2. d4 Bg7 3. Nf3 c5 4. c3 Qa5 5. Na3 cxd4 6. Nxd4 Nc6 7. Nc4 Qd8 8.
Be3 Nf6 9. f3 O-O 10. Be2 d5 11. Nxc6 bxc6 12. exd5 cxd5 13. Na3 e5 14. O-O Be6
15. Qd2 Qe7 16. Rfd1 Rab8 17. b4 Rfc8 18. Kh1 Qd7 19. Bc5 Qa4 20. Nc2 Nd7 21.
Bf2 d4 22. a3 Rxc3 23. Bd3 Rbc8 24. Ne1 Nb6 25. Bc2 Rxc2 26. Nxc2 Rxc2 0-1

[Event "III C.to Europeo seniores"]
[Site "Saint Vincent - Chatillon ITA"]
[Date "2003.09.17"]
[Round "1"]
[White "Tseitlin, Mark D."]
[Black "Neumann, Horst"]
[Result "1-0"]
[WhiteElo "2456"]
[BlackElo "2045"]
[PlyCount "63"]
[EventDate "2003.09.17"]

1. e4 c6 2. d4 d5 3. exd5 cxd5 4. c4 Nf6 5. Nc3 g6 6. Qb3 Qb6 7. Qxb6 axb6 8.
cxd5 Bg7 9. Bc4 O-O 10. Nf3 Na6 11. O-O Rd8 12. Re1 Kf8 13. Bg5 h6 14. Bxf6
exf6 15. Rac1 Bg4 16. Nb5 Rac8 17. d6 Bd7 18. a4 Nb4 19. Nc7 Nc6 20. b4 Kg8 21.
Nd5 Rb8 22. Ne7+ Kf8 23. b5 Na7 24. Bd5 Be8 25. Rc7 Rd7 26. Rxd7 Bxd7 27. Nh4
Bh8 28. Rc1 Nc8 29. Nexg6+ Kg7 30. Nf4 Kf8 31. Rc7 Ke8 32. Bxf7+ 1-0

[Event "III C.to Europeo seniores"]
[Site "Saint Vincent - Chatillon ITA"]
[Date "2003.09.17"]
[Round "1"]
[White "Zhelesny, Stanislav"]
[Black "Labarthe, Arnaud"]
[Result "1-0"]
[WhiteElo "2320"]
[BlackElo "1993"]
[PlyCount "69"]
[EventDate "2003.09.17"]

1. d4 d5 2. c4 e5 3. dxe5 d4 4. Nf3 Nc6 5. g3 Bf5 6. Bg2 Qd7 7. h3 Nge7 8. e3
O-O-O 9. exd4 Ng6 10. Nc3 Bb4 11. Be3 f6 12. O-O Bxc3 13. bxc3 Bxh3 14. e6 Qxe6
15. d5 Qf5 16. Qb1 Nce5 17. Nxe5 Nxe5 18. Qxf5+ Bxf5 19. c5 Nc4 20. Bd4 Rhe8
21. Rfe1 Na3 22. Rxe8 Rxe8 23. Be3 Nc2 24. Rd1 Nxe3 25. Re1 Nxd5 26. Rxe8+ Kd7
27. Rg8 Ne7 28. Ra8 c6 29. Rxa7 Kc7 30. Ra4 Bc2 31. Rb4 Nd5 32. Bxd5 cxd5 33.
a4 Bd3 34. Rb6 h6 35. f4 1-0

[Event "III C.to Europeo seniores"]
[Site "Saint Vincent - Chatillon ITA"]
[Date "2003.09.18"]
[Round "2"]
[White "Bondar, Anatoly T."]
[Black "Khanukov, Boris"]
[Result "0-1"]
[WhiteElo "2156"]
[BlackElo "2330"]
[PlyCount "178"]
[EventDate "2003.09.17"]

1. e4 g6 2. d4 Bg7 3. Nf3 c6 4. Nc3 d5 5. e5 Bg4 6. h3 Bxf3 7. Qxf3 e6 8. Bd3
Qb6 9. Qe3 Nd7 10. O-O Ne7 11. Na4 Qa5 12. b3 O-O 13. Bd2 Qd8 14. f4 a5 15.
Rae1 b5 16. Nc3 Rc8 17. g4 b4 18. Na4 c5 19. dxc5 Qc7 20. Nb6 Nxb6 21. cxb6 Qb7
22. f5 exf5 23. gxf5 Nxf5 24. Bxf5 gxf5 25. Rxf5 Rc6 26. Rg5 Qxb6 27. Qxb6 Rxb6
28. Be3 Re6 29. Rd1 Rd8 30. Bd4 Rc8 31. Rd2 Kf8 32. Rdg2 Rg6 33. Bb6 Rxb6 34.
Rxg7 Rg6 35. R7xg6 hxg6 36. Rd2 Rc5 37. Kf2 Ke7 38. Ke3 Rc3+ 39. Kd4 Rxh3 40.
Kxd5 Rc3 41. Ke4 Rc5 42. Kd4 Rc7 43. Ke4 Rd7 44. Rf2 Rd1 45. Rf6 Ra1 46. Ra6
Rxa2 47. Ra7+ Kf8 48. Ra8+ Kg7 49. Rc8 Ra1 50. Rc5 a4 51. bxa4 Rxa4 52. Rc4 Ra2
53. Rc7 Ra1 54. Rb7 Rc1 55. Kd3 Re1 56. Rb5 g5 57. Kd4 Rg1 58. Ke4 Rf1 59. e6
Rf4+ 60. Ke3 f5 61. Re5 Kf8 62. Rb5 Ke7 63. Rb6 Re4+ 64. Kf3 g4+ 65. Kg3 Rc4
66. Kh4 Rxc2 67. Rxb4 Kxe6 68. Kg3 Rc3+ 69. Kg2 Ke5 70. Rb5+ Kf4 71. Rb4+ Kg5
72. Rb5 Rd3 73. Ra5 Kf4 74. Ra4+ Ke5 75. Ra5+ Rd5 76. Ra8 f4 77. Re8+ Kf5 78.
Rf8+ Ke4 79. Re8+ Re5 80. Ra8 g3 81. Ra4+ Kf5 82. Kh3 Re1 83. Ra5+ Ke4 84. Ra4+
Kf3 85. Ra3+ Kf2 86. Ra2+ Re2 87. Ra4 f3 88. Ra1 g2 89. Kh2 Re1 0-1

[Event "III C.to Europeo seniores"]
[Site "Saint Vincent - Chatillon ITA"]
[Date "2003.09.18"]
[Round "2"]
[White "Bukal, Vladimir sr"]
[Black "Villing, Dieter"]
[Result "1-0"]
[WhiteElo "2408"]
[BlackElo "2181"]
[PlyCount "101"]
[EventDate "2003.09.17"]

1. d4 d6 2. c4 e5 3. Nc3 Nf6 4. Nf3 Nbd7 5. Bg5 Be7 6. e3 c6 7. Be2 O-O 8. Qc2
Qc7 9. O-O Re8 10. Rfd1 Nf8 11. h3 Ng6 12. Nh4 Nxh4 13. Bxh4 Be6 14. Bg3 Qa5
15. a3 exd4 16. Rxd4 Rad8 17. b4 Qg5 18. Bf4 Qg6 19. Bd3 Qh5 20. Bg3 Qg5 21.
Ne2 Nh5 22. Bxh7+ Kf8 23. Bh4 Qh6 24. Bxe7+ Rxe7 25. Bf5 Bxf5 26. Qxf5 Re5 27.
Qd3 a5 28. Rd1 d5 29. f4 Ree8 30. cxd5 cxd5 31. Rxd5 Rxd5 32. Qxd5 Nf6 33. Qxb7
Qh5 34. Qf3 Qxf3 35. gxf3 Rxe3 36. Kf2 Rb3 37. Rd4 g6 38. Nc1 Rb2+ 39. Ke1 Nh5
40. Nd3 Rb1+ 41. Kd2 axb4 42. axb4 Ke7 43. Kc2 Ra1 44. Ne5 Ke6 45. b5 Ra7 46.
Nd3 Rc7+ 47. Kb3 Ng7 48. b6 Rc8 49. b7 Rb8 50. Nc5+ Kf5 51. Rd7 1-0

[Event "III C.to Europeo seniores"]
[Site "Saint Vincent - Chatillon ITA"]
[Date "2003.09.18"]
[Round "2"]
[White "Chernikov, Oleg L."]
[Black "Kock, Hans-Uwe"]
[Result "1-0"]
[WhiteElo "2455"]
[BlackElo "2194"]
[PlyCount "97"]
[EventDate "2003.09.17"]

1. d4 Nf6 2. Bg5 d6 3. Bxf6 exf6 4. e3 g6 5. g3 Bg7 6. Bg2 O-O 7. Ne2 Re8 8.
O-O f5 9. c4 Nd7 10. Nbc3 c6 11. b4 Nf6 12. Qd3 Qe7 13. Rae1 Bd7 14. Nc1 Rad8
15. Nb3 h5 16. Na5 Bc8 17. b5 cxb5 18. Nxb5 a6 19. Nc3 Qc7 20. Nb3 h4 21. Nd2
hxg3 22. hxg3 b6 23. Rb1 Bd7 24. Rfc1 Rb8 25. Nd5 Qd8 26. Qa3 Bc8 27. Nb4 Qc7
28. Nc6 Rb7 29. Qxa6 Ne4 30. Nxe4 fxe4 31. Nb4 Rb8 32. Nd5 Qd8 33. Qb5 Bd7 34.
Qb4 Bg4 35. Qd2 g5 36. Qc2 f5 37. Rf1 Re6 38. f3 exf3 39. Bxf3 Bh3 40. Bg2 Bg4
41. a4 Qf8 42. Rf2 Rh6 43. Rxb6 Rxb6 44. Nxb6 Qe8 45. Nd5 Qh5 46. Ne7+ Kh8 47.
Nxf5 Qh2+ 48. Kf1 Bxf5 49. Qxf5 1-0

[Event "III C.to Europeo seniores"]
[Site "Saint Vincent - Chatillon ITA"]
[Date "2003.09.18"]
[Round "2"]
[White "Kahn, Peter"]
[Black "Gruzmann, Boris"]
[Result "0-1"]
[WhiteElo "2139"]
[BlackElo "2316"]
[PlyCount "42"]
[EventDate "2003.09.17"]

1. e4 e5 2. Nf3 Nc6 3. Bb5 d6 4. d4 Bd7 5. c3 Nf6 6. O-O Be7 7. Re1 O-O 8. Nbd2
Nxd4 9. Nxd4 exd4 10. Bxd7 dxc3 11. Ba4 cxd2 12. Bxd2 Nd7 13. Bc3 Bf6 14. Re3
Bxc3 15. Rxc3 Nc5 16. Bc2 Re8 17. Qg4 Qf6 18. Rd1 g6 19. f4 Nxe4 20. Rxc7 Qxb2
21. Qd7 Qb6+ 0-1

[Event "III C.to Europeo seniores"]
[Site "Saint Vincent - Chatillon ITA"]
[Date "2003.09.18"]
[Round "2"]
[White "Kozarcanin, Sead"]
[Black "Petkevich, Jusefs"]
[Result "1-0"]
[WhiteElo "2191"]
[BlackElo "2442"]
[PlyCount "103"]
[EventDate "2003.09.17"]

1. Nf3 Nf6 2. d3 d5 3. Nbd2 c5 4. e4 Nc6 5. g3 g6 6. Bg2 Bg7 7. O-O O-O 8. Re1
e5 9. exd5 Nxd5 10. Nc4 Re8 11. a4 h6 12. Nfd2 Be6 13. Ne4 Bf8 14. Bd2 f5 15.
Nc3 Bf7 16. a5 Rc8 17. a6 bxa6 18. Nxd5 Bxd5 19. Rxa6 Bxg2 20. Kxg2 Qd5+ 21. f3
Re6 22. Ne3 Qd7 23. Qa1 Rce8 24. Qa2 Kh7 25. Bc3 Bg7 26. Qd5 Qc8 27. Ra4 Nd4
28. Rxa7 e4 29. dxe4 fxe4 30. f4 R6e7 31. Rea1 Nf5 32. Bxg7 Kxg7 33. Nxf5+ Qxf5
34. Qxf5 gxf5 35. R1a5 Rxa7 36. Rxa7+ Kg6 37. Rc7 Rd8 38. Rxc5 Rd2+ 39. Kf1
Rxh2 40. b4 Kh5 41. Rc3 Kg4 42. b5 e3 43. Rxe3 Rxc2 44. Rb3 Rc7 45. b6 Rb7 46.
Kg2 h5 47. Rb4 h4 48. gxh4 Kxh4 49. Kf3 Kh5 50. Rb5 Kg6 51. Rb1 Kh5 52. Rb2 1-0

[Event "III C.to Europeo seniores"]
[Site "Saint Vincent - Chatillon ITA"]
[Date "2003.09.18"]
[Round "2"]
[White "Kraidman, Yair"]
[Black "Beliaeva, Natalia"]
[Result "1-0"]
[WhiteElo "2319"]
[BlackElo "2113"]
[PlyCount "93"]
[EventDate "2003.09.17"]

1. d4 d5 2. Nf3 Nf6 3. c4 c6 4. e3 a6 5. Nc3 e6 6. Qc2 Nbd7 7. cxd5 exd5 8. Bd3
Bd6 9. O-O O-O 10. Re1 h6 11. a3 Re8 12. h3 Nf8 13. Bd2 Bd7 14. e4 dxe4 15.
Nxe4 Nxe4 16. Bxe4 Rc8 17. Bc3 Ne6 18. Ne5 Bxe5 19. dxe5 Nf4 20. Rad1 Qe7 21.
Qd2 Nd5 22. Bxd5 cxd5 23. Qxd5 Be6 24. Qf3 Rc6 25. Qe3 Qc5 26. f4 Qxe3+ 27.
Rxe3 Rc4 28. Rf3 Rc7 29. f5 Bc4 30. Kf2 Bb5 31. g4 Rd7 32. Rxd7 Bxd7 33. Rd3
Bc6 34. Rd6 Rc8 35. Kg3 Kf8 36. h4 Ke7 37. Bb4 Ke8 38. Ba5 Ke7 39. g5 hxg5 40.
hxg5 Bd7 41. Bb4 Ke8 42. e6 fxe6 43. fxe6 Bb5 44. Rd1 Rc6 45. e7 Re6 46. Kf4 g6
47. Rd8+ 1-0

[Event "III C.to Europeo seniores"]
[Site "Saint Vincent - Chatillon ITA"]
[Date "2003.09.18"]
[Round "2"]
[White "MacDonald-Ross, Michael"]
[Black "Klovans, Janis"]
[Result "1/2-1/2"]
[WhiteElo "2216"]
[BlackElo "2480"]
[PlyCount "93"]
[EventDate "2003.09.17"]

1. d4 Nf6 2. Nf3 e6 3. e3 b6 4. Bd3 Bb7 5. O-O c5 6. c4 Be7 7. Nc3 O-O 8. d5
exd5 9. cxd5 d6 10. e4 Nbd7 11. h3 a6 12. a4 Ne5 13. Nxe5 dxe5 14. f4 exf4 15.
Bxf4 Re8 16. Qf3 Bd6 17. Rad1 Qc7 18. Bxd6 Qxd6 19. Ne2 Bc8 20. b3 Bd7 21. Ng3
Qe5 22. Qf2 b5 23. a5 Rac8 24. Rc1 Rc7 25. Kh1 Rec8 26. Nf5 Bxf5 27. Qxf5 Qxf5
28. Rxf5 Nd7 29. d6 Rc6 30. e5 g6 31. Rg5 h6 32. Bf5 Nxe5 33. Bxc8 hxg5 34. d7
Rd6 35. Bxa6 b4 36. Rxc5 Nxd7 37. Rc8+ Kg7 38. Bb5 Rd5 39. Bc6 Rd1+ 40. Kh2 Ne5
41. Bb7 Ra1 42. a6 f5 43. Rd8 f4 44. Rd4 Ra2 45. Kg1 f3 46. gxf3 Rxa6 47. Kf2
1/2-1/2

[Event "III C.to Europeo seniores"]
[Site "Saint Vincent - Chatillon ITA"]
[Date "2003.09.18"]
[Round "2"]
[White "Margolit, Remir B."]
[Black "Barlocco, Carlo"]
[Result "1-0"]
[WhiteElo "2365"]
[BlackElo "2150"]
[PlyCount "73"]
[EventDate "2003.09.17"]

1. c4 Nc6 2. Nc3 e5 3. g3 f5 4. Bg2 Nf6 5. e3 Bb4 6. Nge2 d6 7. Nd5 Bd7 8. O-O
Rb8 9. d4 Nxd5 10. cxd5 Ne7 11. a3 Ba5 12. b4 Bb6 13. dxe5 dxe5 14. Bb2 Ng6 15.
h4 Qe7 16. Qb3 Bb5 17. Rfe1 Bxe2 18. Rxe2 e4 19. Qc3 O-O 20. h5 Nh8 21. h6 Ng6
22. Qxg7+ Qxg7 23. Bxg7 Rf7 24. Rd2 Rd8 25. Bf1 Rd6 26. Bc4 Rfd7 27. Rc2 Kf7
28. Rac1 Re7 29. a4 a5 30. Rb1 Ke8 31. bxa5 Bxa5 32. Rxb7 Rb6 33. Bb5+ Kf7 34.
Ra7 Rxb5 35. axb5 Bb6 36. Rb7 Rd7 37. Bd4 1-0

[Event "III C.to Europeo seniores"]
[Site "Saint Vincent - Chatillon ITA"]
[Date "2003.09.18"]
[Round "2"]
[White "Murey, Jacob I."]
[Black "Lentze, Ingo"]
[Result "1-0"]
[WhiteElo "2459"]
[BlackElo "2201"]
[PlyCount "65"]
[EventDate "2003.09.17"]

1. c4 g6 2. Nc3 Bg7 3. d4 Nf6 4. e4 d6 5. f3 O-O 6. Be3 c5 7. dxc5 dxc5 8. Bxc5
Nc6 9. Qa4 Nd7 10. Bf2 Nde5 11. Rd1 Qa5 12. Qxa5 Nxa5 13. Nd5 Nac6 14. Bc5 f5
15. f4 Nd7 16. Bxe7 Re8 17. Ba3 Rxe4+ 18. Kf2 Bd4+ 19. Kg3 Nf6 20. Bd3 Re8 21.
Nf3 Nh5+ 22. Kh3 Bb6 23. g3 Bd8 24. Rhe1 Bd7 25. Rxe8+ Bxe8 26. b4 Ne7 27. Ne5
Nxd5 28. cxd5 Rc8 29. b5 a6 30. bxa6 bxa6 31. d6 Ba4 32. Bxa6 Rc2 33. Rc1 1-0

[Event "III C.to Europeo seniores"]
[Site "Saint Vincent - Chatillon ITA"]
[Date "2003.09.18"]
[Round "2"]
[White "Reer, Erdmann"]
[Black "Klundt, Klaus"]
[Result "1/2-1/2"]
[WhiteElo "2161"]
[BlackElo "2359"]
[PlyCount "89"]
[EventDate "2003.09.17"]

1. e4 c5 2. Nc3 Nc6 3. g3 g6 4. Bg2 Bg7 5. d3 d6 6. Nge2 e6 7. O-O Nge7 8. Be3
Nd4 9. Qd2 O-O 10. Nd1 b6 11. Nxd4 cxd4 12. Bh6 Bb7 13. Bxg7 Kxg7 14. f4 f6 15.
Nf2 Rc8 16. Rac1 Qd7 17. c4 dxc3 18. Rxc3 d5 19. Rfc1 dxe4 20. Rxc8 Rxc8 21.
Rxc8 Nxc8 22. Bxe4 Bxe4 23. Nxe4 Nd6 24. Nxd6 Qxd6 25. Qc3 h5 26. h4 Kf7 27.
Kf2 e5 28. fxe5 fxe5 29. Ke3 Kf6 30. a3 g5 31. hxg5+ Kxg5 32. Qc4 Qd4+ 33. Qxd4
exd4+ 34. Kxd4 Kg4 35. Ke5 Kxg3 36. d4 h4 37. d5 h3 38. d6 h2 39. d7 h1=Q 40.
d8=Q Qe1+ 41. Kd6 Qd2+ 42. Kc7 Qxb2 43. Qg5+ Kf3 44. Qf5+ Ke3 45. Kb7 1/2-1/2

[Event "III C.to Europeo seniores"]
[Site "Saint Vincent - Chatillon ITA"]
[Date "2003.09.18"]
[Round "2"]
[White "Schramm, Bernd"]
[Black "Ljubarskij, Juri"]
[Result "1/2-1/2"]
[WhiteElo "2117"]
[BlackElo "2307"]
[PlyCount "93"]
[EventDate "2003.09.17"]

1. e4 e5 2. Nf3 Nc6 3. Bb5 a6 4. Ba4 Nf6 5. O-O Be7 6. Re1 b5 7. Bb3 O-O 8. h3
d6 9. a3 Na5 10. Ba2 c5 11. d3 Qc7 12. Nc3 Bb7 13. Bd2 Nc6 14. Nd5 Nxd5 15.
Bxd5 Nd8 16. Bxb7 Qxb7 17. c3 Ne6 18. Be3 Bf6 19. Qc2 d5 20. c4 bxc4 21. dxc4
d4 22. Bd2 Rfd8 23. Qd3 a5 24. Reb1 Qc7 25. b3 Be7 26. Ra2 g6 27. Ne1 Rf8 28.
Qe2 f5 29. Nd3 Bd6 30. f3 f4 31. Rab2 Rfc8 32. Rc1 Rcb8 33. Rcb1 g5 34. Kf2 h5
35. b4 cxb4 36. axb4 axb4 37. Bxb4 Bxb4 38. Rxb4 Rxb4 39. Rxb4 Ra1 40. Qb2 Qa5
41. Rb8+ Kg7 42. Rb5 Qa8 43. Rb8 Qa4 44. Qb3 Ra2+ 45. Kf1 Ra1+ 46. Kf2 Ra2+ 47.
Kf1 1/2-1/2

[Event "III C.to Europeo seniores"]
[Site "Saint Vincent - Chatillon ITA"]
[Date "2003.09.18"]
[Round "2"]
[White "Tatai, Stefano"]
[Black "Blaushtain, Boris"]
[Result "1-0"]
[WhiteElo "2343"]
[BlackElo "2120"]
[PlyCount "63"]
[EventDate "2003.09.17"]

1. e4 c6 2. d4 d5 3. Nd2 dxe4 4. Nxe4 Bf5 5. Ng3 Bg6 6. h4 h6 7. Nf3 Nd7 8. h5
Bh7 9. Bd3 Bxd3 10. Qxd3 Ngf6 11. Bd2 e6 12. O-O-O Bd6 13. Ne4 Nxe4 14. Qxe4
Nf6 15. Qe2 Qc7 16. Kb1 b5 17. g4 O-O-O 18. g5 hxg5 19. Bxg5 Bf4 20. Bxf4 Qxf4
21. Ne5 Rd5 22. Nxf7 Re8 23. Ne5 Kc7 24. Qe3 Qxe3 25. fxe3 Rh8 26. Rdg1 Rh7 27.
c3 Rd8 28. Rg6 Rf8 29. Rhg1 Rxh5 30. Rxg7+ Kb6 31. Re7 Re8 32. Nd7+ 1-0

[Event "III C.to Europeo seniores"]
[Site "Saint Vincent - Chatillon ITA"]
[Date "2003.09.18"]
[Round "2"]
[White "Wagman, Stuart"]
[Black "Zhelesny, Stanislav"]
[Result "1/2-1/2"]
[WhiteElo "2150"]
[BlackElo "2320"]
[PlyCount "75"]
[EventDate "2003.09.17"]

1. e4 e5 2. Nf3 Nc6 3. Nc3 Nf6 4. d4 exd4 5. Nxd4 d6 6. Bb5 Bd7 7. O-O Be7 8.
Re1 O-O 9. Bf4 Nxd4 10. Qxd4 Nh5 11. Bxd7 Nxf4 12. Bb5 Bf6 13. Qe3 Be5 14. g3
Ne6 15. Rad1 c6 16. Bc4 Qf6 17. Ne2 b5 18. Bb3 Qe7 19. c3 g6 20. Nd4 Nxd4 21.
cxd4 Bg7 22. Qd3 Rab8 23. Qc2 a5 24. Qxc6 Rfc8 25. Qa6 a4 26. Bd5 Rc2 27. Rc1
Rxc1 28. Rxc1 Bxd4 29. Rc2 Qf6 30. b3 Kg7 31. Kg2 axb3 32. Bxb3 Bc5 33. Qc6 g5
34. Qd5 h5 35. e5 Qf5 36. exd6 Qxd5+ 37. Bxd5 Bxd6 38. h3 1/2-1/2

[Event "III C.to Europeo seniores"]
[Site "Saint Vincent - Chatillon ITA"]
[Date "2003.09.18"]
[Round "2"]
[White "Zunker, Reinhard"]
[Black "Tseitlin, Mark D."]
[Result "1-0"]
[WhiteElo "2199"]
[BlackElo "2456"]
[PlyCount "133"]
[EventDate "2003.09.17"]

1. d4 Nf6 2. c4 g6 3. Nc3 d5 4. Nf3 Bg7 5. Qb3 dxc4 6. Qxc4 O-O 7. e4 Nc6 8.
Be2 Bg4 9. d5 Na5 10. Qa4 Bxf3 11. Bxf3 c6 12. O-O b5 13. Qb4 a6 14. Bg5 Qc7
15. e5 Nxd5 16. Bxd5 cxd5 17. Nxd5 Qxe5 18. Nxe7+ Kh8 19. Bd2 Nc4 20. Bc3 Qd6
21. Qxd6 Nxd6 22. Bxg7+ Kxg7 23. Rfd1 Nc4 24. b3 Na3 25. Kf1 Ra7 26. Nd5 a5 27.
Rac1 Rd8 28. Ne3 Rdd7 29. Rxd7 Rxd7 30. Ke2 h5 31. h4 b4 32. Rc5 Ra7 33. Nc4 a4
34. Ra5 axb3 35. axb3 Re7+ 36. Re5 Rc7 37. Nxa3 bxa3 38. Kd2 Ra7 39. Re1 Kf6
40. Ra1 Ke5 41. Kc3 Kd5 42. b4 Re7 43. Kb3 Re4 44. g3 Rd4 45. Rxa3 Kc6 46. Ra7
Rd3+ 47. Kc4 Rf3 48. Ra2 Kb6 49. Rb2 f6 50. Kd4 g5 51. Kc4 g4 52. Kd5 Kb5 53.
Ke6 f5 54. Ke5 Kc4 55. b5 Kc3 56. Re2 Kc4 57. b6 Rb3 58. Kxf5 Rxb6 59. Re5 Kd4
60. Kf4 Rh6 61. Kg5 Rh8 62. Re6 Kd5 63. Rh6 Rg8+ 64. Kxh5 Ke5 65. Rg6 Rf8 66.
Kg5 Rxf2 67. h5 1-0